Derechos de los pueblos indígenas en Argentina : guía para consulta /

Guardado en:
Formato: Libro
Idioma:Spanish
Publicado: Buenos Aires, Defensor del Pueblo de la Nación 2012 :
Edición:1a. ed.
Materias:
Etiquetas: Agregar Etiqueta
Sin Etiquetas, Sea el primero en etiquetar este registro!
LEADER 00472nam a22001335a 4500
001 DER.der012548
008 180615s2012####ag#||||||||||||||#||spa||
005 20250305110840.0
245 1 0 |a Derechos de los pueblos indígenas en Argentina :  |b guía para consulta /  |c Defensor del Pueblo de la Nación. 
250 |a 1a. ed. 
260 |a Buenos Aires,  |b Defensor del Pueblo de la Nación  |c 2012 : 
300 |a 255 p. 
650 7 |a DERECHOS HUMANOS 
859 |a DERECHO  |b BIB. DERECHO  |h 342.087  |i DEF  |p 007375